00411nam a2200145Ia 4500008004100000040001900041041001200060082002500072100002000097245004000117260002700157300001600184650004100200850002400241131103s9999 xx 000 0 und d aLoreto College aEnglish a823.8/BRO-BENbLCLIB aBentley,Phyllis 4aThe Bronte SisterscPhyllis Bentley aLondonbLongmansc1950 a44p c 20cm aBrontes-Criticism and interpretation aLCLIB/823.8/BRO-BEN